000 01138cam a22003133a 4500
001 32231
003 PGUSA
005 20140828083710.0
008 100503s2010||||xxu|||||s|||||000 | eng d
040 _aPGUSA
_beng
042 _adc
050 4 _aDS
100 1 _aPennell, T. L.
_q(Theodore Leighton),
_d1867-1912
245 1 0 _aAmong the Wild Tribes of the Afghan Frontier :
_bA Record of Sixteen Years' Close Intercourse with the Natives of the Indian Marches
_h[electronic resource] /
_cT. L. Pennell
260 _bProject Gutenberg,
_c2010
506 _aPublic domain in the USA.
516 _aElectronic text
653 _aMissions -- Asia, Central
653 _aKhyber Pakhtunkhwa (Pakistan) -- Social life and customs
653 _aAfghans
653 _aMissions, Medical -- Pakistan -- North-West Frontier Province
653 _aAfghanistan -- Social life and customs
653 _aPushtuns
653 _aPennell, T. L. (Theodore Leighton), 1867-1912
653 _aPunjab (India) -- Social life and customs
830 0 _aProject Gutenberg
_v32231
856 4 0 _uhttp://www.gutenberg.org/ebooks/32231
942 _cEB
999 _c261486
_d261486